| Tag |
First Indicator |
Second Indicator |
Subfields |
| LEADER |
00000cam a2200000La 4500 |
| 001 |
in00002250737 |
| 005 |
20190326182826.0 |
| 006 |
m u |
| 007 |
cr cn| |
| 008 |
001030s1992 inuab sb s001 0 eng d |
| 020 |
|
|
|a 0585302405 (electronic bk.)
|
| 020 |
|
|
|a 9780585302409 (electronic bk.)
|
| 035 |
|
|
|a (OCoLC)ocm45730449
|
| 035 |
|
|
|a (OCoLC)45730449
|
| 040 |
|
|
|a N$T
|c N$T
|d OCL
|d OCLCQ
|d UtOrBLW
|
| 043 |
|
|
|a f-nr---
|
| 049 |
|
|
|a TXAM
|
| 050 |
1 |
4 |
|a DT515.45.Y67
|b D75 1991eb
|
| 082 |
0 |
4 |
|a 398.2/08996333
|2 20
|
| 100 |
1 |
|
|a Drewal, Margaret Thompson.
|
| 245 |
1 |
0 |
|a Yoruba ritual :
|b performers, play, agency /
|c Margaret Thompson Drewal.
|
| 264 |
|
1 |
|a Bloomington, Ind. :
|b Indiana University Press,
|c [1992]
|
| 264 |
|
4 |
|c ©1992
|
| 300 |
|
|
|a xxii, 241 pages :
|b illustrations, maps ;
|c 25 cm.
|
| 336 |
|
|
|a text
|b txt
|2 rdacontent
|
| 337 |
|
|
|a computer
|b c
|2 rdamedia
|
| 338 |
|
|
|a online resource
|b cr
|2 rdacarrier
|
| 490 |
1 |
|
|a African systems of thought
|
| 504 |
|
|
|a Includes bibliographical references (pages [221]-234) and index.
|
| 533 |
|
|
|a Electronic reproduction.
|b Boulder, Colo. :
|c NetLibrary,
|d 2000.
|n Available via World Wide Web.
|n Access may be limited to NetLibrary affiliated libraries.
|
| 500 |
|
|
|a Electronic resource.
|
| 650 |
|
0 |
|a Yoruba (African people)
|x Rites and ceremonies.
|
| 650 |
|
0 |
|a Yoruba (African people)
|v Folklore.
|
| 650 |
|
0 |
|a Rites and ceremonies
|z Nigeria.
|
| 650 |
|
0 |
|a Folklore
|z Nigeria
|x Performance.
|
| 655 |
|
7 |
|a Electronic books.
|2 local
|
| 710 |
2 |
|
|a NetLibrary, Inc.
|
| 776 |
1 |
|
|c Original
|z 0253318173
|w (DLC) 91008414
|w (OCoLC)23145517
|
| 830 |
|
0 |
|a African systems of thought.
|
| 856 |
4 |
0 |
|u http://proxy.library.tamu.edu/login?url=http://www.netLibrary.com/urlapi.asp?action=summary&v=1&bookid=23232
|z Connect to the full text of this electronic book
|t 0
|
| 994 |
|
|
|a 92
|b TXA
|
| 999 |
|
|
|a MARS
|
| 999 |
f |
f |
|s 9fe80cad-a184-354e-9ef4-85d20db58ebd
|i b5e69fab-e0c3-3033-a926-8306b9c3257d
|t 0
|
| 952 |
f |
f |
|a Texas A&M University
|b College Station
|c Electronic Resources
|d Available Online
|t 0
|e DT515.45.Y67 D75 1991eb
|h Library of Congress classification
|
| 998 |
f |
f |
|a DT515.45.Y67 D75 1991eb
|t 0
|l Available Online
|